书目信息 |
| 题名: |
知识经济概论
|
|
| 作者: | 孙钱章 | |
| 分册: | ||
| 出版信息: | 北京 警官教育出版社 1999 |
|
| 页数: | 250页 | |
| 开本: | 21cm | |
| 丛书名: | ||
| 单 册: | ||
| 中图分类: | F062.3 | |
| 科图分类: | ||
| 主题词: | 经济学--分支科学 | |
| 电子资源: | ||
| ISBN: | 7-81027-927-0 | |
| 000 | 00508nam0 2200181 450 | |
| 001 | 0760515518 | |
| 005 | 20071001101337.89 | |
| 010 | @a7-81027-927-0@dCNY16.00 | |
| 100 | @a20070817d km y0chiy0120 ea | |
| 101 | 0 | @achi |
| 200 | 1 | @a知识经济概论@Azhi shi jing ji gai lun@f孙钱章@Fsun qian zhang |
| 210 | @a北京@c警官教育出版社@d1999 | |
| 215 | @a250页@d21cm | |
| 606 | 0 | @a经济学@x分支科学 |
| 690 | @aF062.3@v3 | |
| 701 | 0 | @a孙钱章@Asun qian zhang |
| 801 | 0 | @aCN@bPFT@c20071001 |
| 905 | @a213230@dF062.3@e91 | |
| 知识经济概论/孙钱章.-北京:警官教育出版社,1999 |
| 250页;21cm |
| ISBN 7-81027-927-0:CNY16.00 |
| ● |
| 相关链接 |
|
|
|
|
正题名:知识经济概论
索取号:F062.3/91
 
预约/预借
| 序号 | 登录号 | 条形码 | 馆藏地/架位号 | 状态 | 备注 |
| 1 | 0626316 | 206263167 | 第一样本阅览室/ [索取号:F062.3/91] | 在馆 |